[Event "Novokuznetsk SFO-ch U17"]
[Site "Novokuznetsk"]
[Date "2014.11.07"]
[Round "6"]
[White "Fedin, Viktor"]
[Black "Popov, Anton"]
[Result "1-0"]
[WhiteElo "1582"]
[BlackElo "1747"]
[PlyCount "41"]
[EventDate "2014.11.02"]
[EventType "swiss"]
[EventRounds "9"]
[EventCountry "RUS"]
[SourceTitle "CBM 163 Extra"]
[Source "ChessBase"]
[SourceDate "2014.12.23"]
[SourceVersion "1"]
[SourceVersionDate "2014.12.23"]
[SourceQuality "1"]

1. e4 e5 2. Nf3 Nc6 3. Bb5 a6 4. Ba4 Nf6 5. d4 Nxe4 6. dxe5 Nc5 7. Bxc6 dxc6 8. Qxd8+ Kxd8 9. 0-0 Be6 10. Be3 Ke8 11. Nd4 Rd8 12. Nc3 Be7 13. Rad1 Bd5 14. f4 f6 15. Nf5 Ne6 16. Rfe1 fxe5 17. fxe5 Rf8 18. Nxe7 Kxe7 19. b3 h6 20. Rd2 c5 21. Nxd5+ 1-0

[Event "Novokuznetsk SFO-ch U17"]
[Site "Novokuznetsk"]
[Date "2014.11.02"]
[Round "1"]
[White "Fedin, Viktor"]
[Black "Chistyakov, Nikita"]
[Result "0-1"]
[WhiteElo "1582"]
[BlackElo "1998"]
[PlyCount "44"]
[EventDate "2014.11.02"]
[EventType "swiss"]
[EventRounds "9"]
[EventCountry "RUS"]
[SourceTitle "CBM 163 Extra"]
[Source "ChessBase"]
[SourceDate "2014.12.23"]
[SourceVersion "1"]
[SourceVersionDate "2014.12.23"]
[SourceQuality "1"]

1. e4 g6 2. d4 c6 3. Nf3 d5 4. e5 Bg7 5. Be2 Nh6 6. Nc3 Bg4 7. h3 Bxf3 8. Bxf3 0-0 9. Bf4 f6 10. e6 Nf5 11. Bg4 Nd6 12. Qd3 f5 13. Bf3 Rf6 14. 0-0 Ne4 15. Be5 Rxe6 16. Bxg7 Kxg7 17. g4 Nd7 18. Rae1 Rd6 19. gxf5 gxf5 20. Kh2 Rg6 21. Rg1 Qc7+ 22. Rg3 Rxg3 0-1

[Event "Alta CC-ch"]
[Site "Alta"]
[Date "2005.04.05"]
[Round "10"]
[White "Romsdal, Jorn"]
[Black "Fedin, Viktor"]
[Result "1/2-1/2"]
[WhiteElo "1293"]
[BlackElo "1878"]
[PlyCount "117"]
[EventDate "2005.01.18"]
[EventType "swiss"]
[EventRounds "10"]
[EventCountry "NOR"]
[SourceTitle "EXT 2007"]
[Source "ChessBase"]
[SourceDate "2006.11.23"]
[SourceVersion "1"]
[SourceVersionDate "2006.11.23"]
[SourceQuality "1"]

1. d4 Nf6 2. c4 e6 3. Nc3 c5 4. e3 b6 5. Nf3 Bb7 6. Bd3 cxd4 7. exd4 d5 8. 0-0 Be7 9. b3 0-0 10. Ne5 Nc6 11. Re1 Nxd4 12. Bxh7+ Nxh7 13. Qxd4 Bc5 14. Qg4 dxc4 15. Nxc4 Qf6 16. Qg3 Bd4 17. Ne5 Rfc8 18. Bd2 Nf8 19. Rac1 Rc5 20. Ng4 Qg6 21. Ne2 Rxc1 22. Rxc1 e5 23. Nxd4 exd4 24. Ne5 Qxg3 25. hxg3 Ne6 26. f4 g6 27. g4 Be4 28. Nd7 Kg7 29. Kf2 Rd8 30. Ne5 f6 31. Nf3 Nc5 32. Rc4 Ne6 33. g3 Bb1 34. Ra4 Rd7 35. g5 f5 36. Nxd4 Nc5 37. Rc4 Bxa2 38. Bc3 Ne4+ 39. Ke3 Nxc3 40. Rxc3 Re7+ 41. Kf3 Bb1 42. g4 Rd7 43. Ne2 Rd3+ 44. Rxd3 Bxd3 45. gxf5 Bxf5 46. Nd4 Bb1 47. b4 a5 48. bxa5 bxa5 49. Ke3 Kf7 50. Kd2 a4 51. Kc3 a3 52. Kb3 a2 53. Kb2 Ke7 54. f5 Bxf5 55. Kxa2 Bg4 56. Kb2 Kd6 57. Kc3 Ke5 58. Nc6+ Ke6 59. Kd4 1/2-1/2

[Event "Finnmark-ch"]
[Site "Karasjok"]
[Date "2005.03.20"]
[Round "4"]
[White "Fedin, Viktor"]
[Black "Malin, Oyvind"]
[Result "1-0"]
[WhiteElo "1878"]
[BlackElo "733"]
[PlyCount "55"]
[EventDate "2005.03.19"]
[EventType "swiss"]
[EventRounds "5"]
[EventCountry "NOR"]
[SourceTitle "EXT 2007"]
[Source "ChessBase"]
[SourceDate "2006.11.23"]
[SourceVersion "1"]
[SourceVersionDate "2006.11.23"]
[SourceQuality "1"]

1. d4 d5 2. c4 Nf6 3. Nf3 Nc6 4. Nc3 Bg4 5. e3 e6 6. Be2 Bb4 7. 0-0 Bxc3 8. bxc3 0-0 9. Rb1 Rb8 10. cxd5 Nxd5 11. Bd2 h6 12. c4 Nf6 13. Bc3 Re8 14. h3 Bxf3 15. Bxf3 Qd7 16. d5 exd5 17. Bxf6 gxf6 18. Bxd5 Rbd8 19. Qf3 Kg7 20. Rxb7 Ne7 21. Qg3+ Kh8 22. Bxf7 Rf8 23. Rxc7 Qd6 24. Qxd6 Rxd6 25. Rxe7 Rfd8 26. Rxa7 R6d7 27. Rxd7 Rxd7 28. Bd5 1-0

[Event "Alta Hostturnering"]
[Site "Alta"]
[Date "2004.10.26"]
[Round "8"]
[White "Haug, Finn"]
[Black "Fedin, Viktor"]
[Result "0-1"]
[WhiteElo "1933"]
[BlackElo "1760"]
[PlyCount "77"]
[EventDate "2004.09.07"]
[EventType "swiss"]
[EventRounds "10"]
[EventCountry "NOR"]
[SourceTitle "EXT 2009"]
[Source "ChessBase"]
[SourceDate "2008.11.26"]
[SourceVersion "1"]
[SourceVersionDate "2008.11.26"]
[SourceQuality "1"]

1. e4 e6 2. Nf3 d5 3. e5 c5 4. b4 cxb4 5. d4 Nc6 6. a3 Qb6 7. axb4 Bxb4+ 8. c3 Be7 9. Bd3 g6 10. Bg5 Bxg5 11. Nxg5 Qd8 12. Qd2 h6 13. Nf3 Bd7 14. Na3 a6 15. c4 Na5 16. cxd5 exd5 17. Qa2 Ne7 18. Nc2 Nac6 19. 0-0 0-0 20. Rab1 b5 21. Ne3 Be6 22. h4 Qb6 23. Qb2 b4 24. Nc2 a5 25. Qc1 Kg7 26. Qf4 f5 27. h5 gxh5 28. Ng5 hxg5 29. Qxg5+ Ng6 30. g3 Qd8 31. Qxh5 Rh8 32. Qf3 Qg5 33. Qg2 Qg4 34. f4 Rh3 35. Ne3 Qxg3 36. Nxf5+ Bxf5 37. Bxf5 Qe3+ 38. Rf2 Rg3 39. Rbb2 0-1

[Event "Karasjok op1"]
[Site "Karasjok"]
[Date "2004.10.17"]
[Round "4"]
[White "Fedin, Viktor"]
[Black "Paulsen, Viktor"]
[Result "1-0"]
[WhiteElo "1760"]
[BlackElo "1746"]
[PlyCount "83"]
[EventDate "2004.10.15"]
[EventType "swiss"]
[EventRounds "5"]
[EventCountry "NOR"]
[SourceTitle "EXT 2008"]
[Source "ChessBase"]
[SourceDate "2007.11.25"]
[SourceVersion "1"]
[SourceVersionDate "2007.11.25"]
[SourceQuality "1"]

1. d4 Nf6 2. c4 g6 3. Nc3 d5 4. cxd5 Nxd5 5. e4 Nxc3 6. bxc3 Bg7 7. Bc4 0-0 8. Ne2 c5 9. 0-0 Nc6 10. Be3 Bg4 11. f3 Bd7 12. Rb1 Na5 13. Bd5 Qc8 14. dxc5 e6 15. Bb3 Rd8 16. Qe1 Qc7 17. Bd4 e5 18. Be3 Bf8 19. Qf2 Bc6 20. Rfd1 Rxd1+ 21. Rxd1 Rd8 22. Rxd8 Qxd8 23. Nc1 Bb5 24. Bd5 Bc4 25. Qd2 Qc7 26. Nb3 Bxb3 27. axb3 Bxc5 28. Bxf7+ Kg7 29. Bd5 Qb6 30. Bxc5 Qxc5+ 31. Kh1 Qb5 32. Qd1 Qb6 33. b4 Nc6 34. Qd2 Ne7 35. Ba2 a5 36. bxa5 Qxa5 37. h3 Qc7 38. Qc2 Nc6 39. Qb3 Na5 40. Qg8+ Kh6 41. Qf8+ Qg7 42. Qd8 1-0

[Event "Karasjok op1"]
[Site "Karasjok"]
[Date "2004.10.16"]
[Round "3"]
[White "Brasoy, Aksel"]
[Black "Fedin, Viktor"]
[Result "1/2-1/2"]
[WhiteElo "1805"]
[BlackElo "1760"]
[PlyCount "136"]
[EventDate "2004.10.15"]
[EventType "swiss"]
[EventRounds "5"]
[EventCountry "NOR"]
[SourceTitle "EXT 2008"]
[Source "ChessBase"]
[SourceDate "2007.11.25"]
[SourceVersion "1"]
[SourceVersionDate "2007.11.25"]
[SourceQuality "1"]

1. d4 d5 2. c4 c6 3. Nf3 Nf6 4. Nc3 e6 5. Bg5 Nbd7 6. e3 Qa5 7. Qc2 Ne4 8. Bh4 Bb4 9. Rc1 Qxa2 10. Kd1 Nxc3+ 11. bxc3 Qxc2+ 12. Kxc2 Bd6 13. c5 Bc7 14. Ra1 b5 15. cxb6 Bxb6 16. Bg3 Ke7 17. Ba6 c5 18. Rhb1 Bxa6 19. Rxa6 Rhc8 20. Kd3 f6 21. h3 Rc6 22. Ng1 Rac8 23. Ne2 cxd4 24. exd4 Rc4 25. f3 g5 26. Be1 f5 27. Bd2 Kf6 28. Bc1 R8c6 29. Bb2 e5 30. Kd2 exd4 31. cxd4 f4 32. Rc1 Nb8 33. Raa1 a5 34. Rxc4 Rxc4 35. Bc3 a4 36. Rb1 Nd7 37. Rb4 Ke6 38. Rxc4 dxc4 39. Bb4 Bd8 40. Nc3 Bf6 41. d5+ Ke5 42. d6 Bg7 43. Nxa4 Bf8 44. Kc3 Kd5 45. Ba3 Bg7+ 46. Kd2 Be5 47. Nc3+ Kc6 48. Ne4 h6 49. Bb4 Kd5 50. Bc3 Bxd6 51. Nxd6 Kxd6 52. Bg7 h5 53. Bh6 Nf6 54. Bxg5 Nd5 55. Bh6 Kc5 56. Bf8+ Kb5 57. Bd6 Ka4 58. g3 fxg3 59. Bxg3 Kb3 60. Be5 Kb4 61. f4 Kc5 62. f5 Kc6 63. Ke2 Kd7 64. Kf3 Ke7 65. Kg3 Ne3 66. Kh4 Nxf5+ 67. Kxh5 Ke6 68. Bb2 Kf7 1/2-1/2

[Event "Alta Hostturnering"]
[Site "Alta"]
[Date "2004.09.21"]
[Round "3"]
[White "Fedin, Viktor"]
[Black "Pedersen, Birger"]
[Result "1-0"]
[WhiteElo "1760"]
[BlackElo "1245"]
[PlyCount "61"]
[EventDate "2004.09.07"]
[EventType "swiss"]
[EventRounds "10"]
[EventCountry "NOR"]
[SourceTitle "EXT 2009"]
[Source "ChessBase"]
[SourceDate "2008.11.26"]
[SourceVersion "1"]
[SourceVersionDate "2008.11.26"]
[SourceQuality "1"]

1. d4 d5 2. c4 e6 3. Nf3 Nf6 4. Nc3 Bb4 5. Qc2 c5 6. e3 Nc6 7. a3 Ba5 8. dxc5 0-0 9. b4 Bc7 10. Nb5 Bb8 11. Bb2 a6 12. Nbd4 Re8 13. Nxc6 bxc6 14. Rd1 Qe7 15. Ne5 Bb7 16. Bd3 dxc4 17. Nxc4 Kh8 18. f4 Nd5 19. g3 Bc8 20. e4 Bxf4 21. gxf4 Nxf4 22. Qf2 Ng6 23. Nd6 Rf8 24. e5 Bd7 25. h4 Kg8 26. h5 Nh8 27. Rg1 a5 28. Ne4 Rfb8 29. Qg3 g6 30. Nf6+ Kf8 31. Qg5 1-0

[Event "Barents Region-chA"]
[Site "Arta"]
[Date "2004.06.19"]
[Round "4"]
[White "Romsdal, Trond"]
[Black "Fedin, Viktor"]
[Result "1-0"]
[WhiteElo "2164"]
[BlackElo "1760"]
[PlyCount "41"]
[EventDate "2004.06.18"]
[EventType "swiss"]
[EventRounds "6"]
[EventCountry "NOR"]
[SourceTitle "EXT 2007"]
[Source "ChessBase"]
[SourceDate "2006.11.23"]
[SourceVersion "1"]
[SourceVersionDate "2006.11.23"]
[SourceQuality "1"]

1. d4 d5 2. c4 c6 3. Nf3 Nf6 4. Nc3 e6 5. e3 Nbd7 6. Bd3 dxc4 7. Bxc4 b5 8. Bd3 b4 9. Ne4 Bb7 10. Qc2 Qb6 11. 0-0 Nxe4 12. Bxe4 Nf6 13. Bd3 c5 14. Qe2 Be7 15. Rd1 0-0 16. dxc5 Bxc5 17. b3 Ne4 18. Bb2 Rfd8 19. Rac1 Nxf2 20. Kxf2 Bxe3+ 21. Qxe3 1-0

[Event "Alta CC-ch"]
[Site "Alta"]
[Date "2004.04.21"]
[Round "10"]
[White "Fedin, Viktor"]
[Black "Henriksen, Ivar"]
[Result "1-0"]
[WhiteElo "1761"]
[BlackElo "955"]
[PlyCount "53"]
[EventDate "2004.01.??"]
[EventType "swiss"]
[EventRounds "10"]
[EventCountry "NOR"]
[SourceTitle "EXT 2006"]
[Source "ChessBase"]
[SourceDate "2005.11.24"]
[SourceVersion "1"]
[SourceVersionDate "2005.11.24"]
[SourceQuality "1"]

1. d4 d5 2. c4 e6 3. Nf3 a6 4. Nc3 dxc4 5. a4 Bb4 6. Bg5 Nf6 7. e4 Be7 8. Bxc4 b6 9. 0-0 Bb7 10. Re1 0-0 11. Qb3 Nc6 12. a5 Nxa5 13. Rxa5 bxa5 14. Qxb7 Rb8 15. Qxa6 Rxb2 16. e5 Nd5 17. Bxe7 Nxe7 18. Qxa5 c6 19. Qa3 Rb7 20. Ra1 Qc7 21. Ne4 Rfb8 22. Nfd2 Nd5 23. Nc5 Qe7 24. Nxb7 Qxb7 25. Rb1 Qc7 26. Rxb8+ Qxb8 27. Bxd5 1-0

[Event "Alta CC-ch"]
[Site "Alta"]
[Date "2004.03.23"]
[Round "9"]
[White "Talberg, Kristian"]
[Black "Fedin, Viktor"]
[Result "1-0"]
[WhiteElo "1307"]
[BlackElo "1761"]
[PlyCount "75"]
[EventDate "2004.01.??"]
[EventType "swiss"]
[EventRounds "10"]
[EventCountry "NOR"]
[SourceTitle "EXT 2006"]
[Source "ChessBase"]
[SourceDate "2005.11.24"]
[SourceVersion "1"]
[SourceVersionDate "2005.11.24"]
[SourceQuality "1"]

1. d4 d5 2. c4 c6 3. Nc3 Nf6 4. Bg5 e6 5. e3 Nbd7 6. Nf3 Qa5 7. Bxf6 Nxf6 8. Bd3 Bb4 9. Qc2 Ne4 10. Bxe4 dxe4 11. Nd2 f5 12. 0-0 Be7 13. Nb3 Qb4 14. Ne2 Qd6 15. c5 Qc7 16. Qc4 Bg5 17. Nd2 0-0 18. g3 Kh8 19. b4 b5 20. Qb3 a5 21. a4 bxa4 22. Rxa4 Ba6 23. Nc4 axb4 24. Rfa1 Bb7 25. Qxb4 Rxa4 26. Rxa4 Rb8 27. Ra7 h6 28. Qa4 Bf6 29. Nf4 e5 30. Ng6+ Kh7 31. Ngxe5 Be7 32. Qd1 g6 33. Qb3 h5 34. Na5 Bxc5 35. Qe6 Qxe5 36. dxe5 Bxa7 37. Qd7+ Kh6 38. Nxb7 1-0

[Event "Alta CC-ch"]
[Site "Alta"]
[Date "2004.02.10"]
[Round "5"]
[White "Paulsen, Viktor"]
[Black "Fedin, Viktor"]
[Result "0-1"]
[WhiteElo "1770"]
[BlackElo "1761"]
[PlyCount "72"]
[EventDate "2004.01.??"]
[EventType "swiss"]
[EventRounds "10"]
[EventCountry "NOR"]
[SourceTitle "EXT 2006"]
[Source "ChessBase"]
[SourceDate "2005.11.24"]
[SourceVersion "1"]
[SourceVersionDate "2005.11.24"]
[SourceQuality "1"]

1. e4 e6 2. d4 d5 3. e5 c5 4. c3 Nc6 5. Nf3 Qb6 6. Bd3 Bd7 7. Bc2 cxd4 8. cxd4 Bb4+ 9. Nc3 Rc8 10. 0-0 Nge7 11. Na4 Qa6 12. a3 b5 13. axb4 Nxb4 14. Bd3 Qa5 15. b3 Nxd3 16. Qxd3 bxa4 17. bxa4 Rc4 18. Bd2 Qc7 19. a5 a6 20. Qa3 Bb5 21. Rfb1 Nc6 22. Rxb5 axb5 23. a6 Ra4 24. Qc3 Rxa1+ 25. Qxa1 0-0 26. Qa3 Qe7 27. Qd3 Rb8 28. Bg5 Qb4 29. Bf6 Nxd4 30. Nxd4 gxf6 31. h4 Qe1+ 32. Kh2 Qxe5+ 33. g3 Qe1 34. Nxb5 Qxf2+ 35. Kh3 Qb6 36. a7 Ra8 0-1

[Event "Tromsoesjakken op"]
[Site "Tromsoe"]
[Date "2003.11.30"]
[Round "5"]
[White "Larsen, Andreas"]
[Black "Fedin, Viktor"]
[Result "1-0"]
[WhiteElo "1516"]
[BlackElo "1791"]
[PlyCount "65"]
[EventDate "2003.11.28"]
[EventType "swiss"]
[EventRounds "6"]
[EventCountry "NOR"]
[SourceTitle "EXT 2009"]
[Source "ChessBase"]
[SourceDate "2008.11.26"]
[SourceVersion "1"]
[SourceVersionDate "2008.11.26"]
[SourceQuality "1"]

1. b4 e5 2. Bb2 Bxb4 3. Bxe5 Nf6 4. Nf3 d5 5. e3 0-0 6. Be2 Nc6 7. Bb2 Ne4 8. c3 Bd6 9. d3 Ng5 10. Nbd2 Be6 11. h4 Nxf3+ 12. Nxf3 h6 13. Qc2 a5 14. 0-0-0 a4 15. d4 f5 16. Nd2 Ra5 17. Rdg1 Qd7 18. f3 f4 19. e4 dxe4 20. fxe4 Bxa2 21. e5 Be7 22. g3 f3 23. Bxf3 a3 24. Ba1 Bd5 25. Bxd5+ Rxd5 26. Rf1 b5 27. Rxf8+ Bxf8 28. Re1 Nd8 29. Qg6 c5 30. Ne4 Qe6 31. Nf6+ Qxf6 32. exf6 Rd6 33. Rf1 1-0

[Event "Alta Hostturnering"]
[Site "Alta"]
[Date "2003.10.21"]
[Round "8"]
[White "Fedin, Viktor"]
[Black "Mikalsen, Odd Erling"]
[Result "0-1"]
[WhiteElo "1798"]
[BlackElo "1537"]
[PlyCount "52"]
[EventDate "2003.09.??"]
[EventType "swiss"]
[EventRounds "10"]
[EventCountry "NOR"]
[SourceTitle "EXT 2006"]
[Source "ChessBase"]
[SourceDate "2005.11.24"]
[SourceVersion "1"]
[SourceVersionDate "2005.11.24"]
[SourceQuality "1"]

1. d4 Nf6 2. c4 e5 3. dxe5 Ne4 4. a3 a5 5. Nf3 Nc6 6. Bf4 d6 7. Qd5 Nc5 8. exd6 cxd6 9. Ng5 Qf6 10. g3 h6 11. h4 hxg5 12. hxg5 Qxb2 13. Rxh8 Be6 14. Qxd6 Nd7 15. e3 Bg4 16. Qd2 Qxa1 17. Qc2 g6 18. Rg8 0-0-0 19. Bg2 Nde5 20. Bd5 Bb4+ 21. axb4 Rxg8 22. b5 Bf5 23. Bxe5 Qxe5 24. e4 Nb4 25. Qe2 Nxd5 26. cxd5 Qxe4 0-1

[Event "Hammerfest op"]
[Site "Hammerfest"]
[Date "2003.09.21"]
[Round "6"]
[White "Bazulev, Aleksei"]
[Black "Fedin, Viktor"]
[Result "1/2-1/2"]
[WhiteElo "1400"]
[BlackElo "1791"]
[PlyCount "77"]
[EventDate "2003.09.??"]
[EventType "swiss (rapid)"]
[EventRounds "7"]
[EventCountry "NOR"]
[SourceTitle "EXT 2005"]
[Source "ChessBase"]
[SourceDate "2004.11.15"]
[SourceVersion "1"]
[SourceVersionDate "2004.11.15"]
[SourceQuality "1"]

1. d4 d5 2. Nf3 Nf6 3. c4 c6 4. Nc3 e6 5. cxd5 exd5 6. Bf4 Bd6 7. Bxd6 Qxd6 8. e3 0-0 9. Bd3 Bg4 10. Qc2 Nbd7 11. Bf5 Rfe8 12. Bxg4 Nxg4 13. 0-0 Ngf6 14. Nd2 Ng4 15. Nf3 g6 16. b4 f5 17. b5 c5 18. dxc5 Qxc5 19. Qb3 Ndf6 20. Rfd1 Rad8 21. Rac1 Rxe3 22. Nd4 Qd6 23. g3 Qe5 24. fxe3 Qxe3+ 25. Kh1 Nf2+ 26. Kg2 Nxd1 27. Rxd1 Ng4 28. Qc2 Qxd4 29. Nxd5 Qe5 30. h3 Rxd5 31. hxg4 Rxd1 32. Qxd1 Qb2+ 33. Kh1 Qxb5 34. Qd8+ Kf7 35. Qc7+ Kg8 36. Qd8+ Kf7 37. Qc7+ Kg8 38. Qd8+ Kf7 39. Qc7+ 1/2-1/2

[Event "Hammerfest op"]
[Site "Hammerfest"]
[Date "2003.09.21"]
[Round "7"]
[White "Fedin, Viktor"]
[Black "Roelvaag, Mikael"]
[Result "0-1"]
[WhiteElo "1791"]
[BlackElo "1999"]
[PlyCount "128"]
[EventDate "2003.09.??"]
[EventType "swiss (rapid)"]
[EventRounds "7"]
[EventCountry "NOR"]
[SourceTitle "EXT 2005"]
[Source "ChessBase"]
[SourceDate "2004.11.15"]
[SourceVersion "1"]
[SourceVersionDate "2004.11.15"]
[SourceQuality "1"]

1. Nf3 d5 2. d4 c6 3. c4 Nf6 4. g3 Bf5 5. Bg2 e6 6. 0-0 Nbd7 7. cxd5 exd5 8. Nc3 Be7 9. Bf4 0-0 10. Rc1 Re8 11. a3 Bf8 12. Ne5 Nxe5 13. Bxe5 Ne4 14. f3 Nxc3 15. Rxc3 Qb6 16. e4 Be6 17. Rb3 Qa6 18. Rc3 Rad8 19. Rf2 Rd7 20. Rd2 Red8 21. Bf1 Qb6 22. Rb3 Qa5 23. Rc3 a6 24. Kg2 dxe4 25. Bf4 exf3+ 26. Kxf3 Qh5+ 27. Ke3 Qxd1 28. Rxd1 f6 29. h4 Be7 30. b4 h6 31. h5 Bg4 32. Rd2 Bxh5 33. Bh3 g5 34. Bxd7 gxf4+ 35. gxf4 Rxd7 36. Rh2 Bg6 37. Rxh6 Kg7 38. Rh2 Bd6 39. Rc1 Re7+ 40. Kf3 Be4+ 41. Kg4 Kg8 42. Rh4 Rg7+ 43. Kh3 Kf7 44. Re1 Bf5+ 45. Kh2 Bg4 46. Kg3 Be2+ 47. Kf2 Bc4 48. Rg1 Rxg1 49. Kxg1 Kg6 50. Kf2 a5 51. bxa5 Bxa3 52. Rh1 Ba6 53. Ke3 Bb4 54. Ra1 Kf5 55. Ra4 Bd6 56. Ra2 Bxf4+ 57. Kf3 Bg5 58. Rc2 Ke6 59. Ke4 f5+ 60. Kf3 Kd5 61. Rc5+ Kxd4 62. Rxf5 Bd2 63. Rh5 Kc3 64. Ke4 c5 0-1

[Event "Hammerfest op"]
[Site "Hammerfest"]
[Date "2003.09.20"]
[Round "5"]
[White "Fedin, Viktor"]
[Black "Rafnung, Skjalg"]
[Result "1-0"]
[WhiteElo "1791"]
[BlackElo "1591"]
[PlyCount "75"]
[EventDate "2003.09.??"]
[EventType "swiss (rapid)"]
[EventRounds "7"]
[EventCountry "NOR"]
[SourceTitle "EXT 2005"]
[Source "ChessBase"]
[SourceDate "2004.11.15"]
[SourceVersion "1"]
[SourceVersionDate "2004.11.15"]
[SourceQuality "1"]

1. d4 Nf6 2. c4 c5 3. d5 b5 4. cxb5 a6 5. Nc3 g6 6. e4 d6 7. Nf3 Nbd7 8. bxa6 Bg7 9. Bd3 Bxa6 10. Bxa6 Rxa6 11. Qd3 Qb6 12. 0-0 0-0 13. Nd2 Rfa8 14. Nc4 Qb7 15. h3 Nb6 16. a3 Nfd7 17. Rb1 Nxc4 18. Qxc4 Rb6 19. f4 Bd4+ 20. Kh2 Rb3 21. Ne2 Rbxa3 22. Nxd4 cxd4 23. bxa3 Qxb1 24. Qxd4 Nf6 25. e5 Qb5 26. Rd1 Ra4 27. Qb2 Qxb2 28. Bxb2 Ne4 29. Rd4 Rxd4 30. Bxd4 Kf8 31. Kg1 f6 32. exf6 exf6 33. Kf1 Ke7 34. Ke2 Nc5 35. Bxc5 dxc5 36. Kd3 Kd6 37. Kc4 h5 38. h4 1-0

[Event "Hammerfest op"]
[Site "Hammerfest"]
[Date "2003.09.19"]
[Round "1"]
[White "Fedin, Viktor"]
[Black "Dagsvold, Trond"]
[Result "1-0"]
[WhiteElo "1791"]
[BlackElo "1272"]
[PlyCount "39"]
[EventDate "2003.09.??"]
[EventType "swiss (rapid)"]
[EventRounds "7"]
[EventCountry "NOR"]
[SourceTitle "EXT 2005"]
[Source "ChessBase"]
[SourceDate "2004.11.15"]
[SourceVersion "1"]
[SourceVersionDate "2004.11.15"]
[SourceQuality "1"]

1. d4 d5 2. c4 Nf6 3. Nf3 Bf5 4. e3 e6 5. a3 Be7 6. Nc3 0-0 7. Bd3 Bxd3 8. Qxd3 Nc6 9. b4 b6 10. 0-0 h6 11. Bb2 Re8 12. Rac1 Nxb4 13. axb4 Bxb4 14. cxd5 Bxc3 15. Qxc3 Nxd5 16. Qc4 Rc8 17. e4 Nf6 18. Rfe1 a5 19. Qc6 g5 20. Qc3 1-0